Statistics for Landmarks of Italy

Click here to take the quiz!

General Stats

  • This quiz has been taken 48 times
  • The average score is 5 of 8

Answer Stats

HintAnswer% Correct
A large amphitheatre built in the heart of RomeColosseum
100%
An abandoned city that fell victim to a volcanic eruption in 79 ADPompeii
95%
One of the world's most active volcanoesMount Etna
88%
This tower was built on an unstable foundation, causing its most recognisable featureTower of Pisa
88%
A former Roman temple and a Catholic churchThe Pantheon
67%
This cathedral is an iconic site, part of the "Sinking City"Saint Mark's Basilica
60%
This mountain range is sometimes referred to as the "Pale Mountains"The Dolomites
26%
Dedicated to the Nativity of St. Mary, this cathedral serves as the seat of the Archbishop of MilanDuomo di Milano / The Milan Cathedral
21%

Score Distribution

Percentile by Number Answered

Percent of People with Each Score

Your Score History

You have not taken this quiz